Statistics for Countries that have Border Disputes with India

Click here to take the quiz!

General Stats

  • This quiz has been taken 48 times
  • The average score is 4 of 5

Answer Stats

Country% Correct
China
100%
Nepal
98%
Pakistan
98%
Myanmar
93%
Taiwan
12%

Score Distribution

Percentile by Number Answered

Percent of People with Each Score

Your Score History

You have not taken this quiz